LEADER 01409nam a2200313 i 4500 001 000000039944 003 CaOOAMICUS 005 20100222000000.0 008 100222s1984 it u000 u ita u 013 $a11100 020 $a88-263-0435-1 040 $aSeMil$bita 100 0 $aTertullianus, Quintus Septimius Florens,$d.$0(OLS)http://semarc/name/1146 245 10$aDe virginibus velandis :$bla condizione femminile nelle prime comunità cristiane /$c; a cura di Pier Angelo Gramaglia Tertulliano. 260 $aRoma :$bBorla,$cstampa 1984. 300 $a301 p. ;$c19 cm. 490 0 $aCultura cristiana antica : collana di testi e studi 650 4$aChiesa - Storia - Origini.$0(OLS)http://semarc/subject/1096 650 4$aDonna.$0(OLS)http://semarc/subject/7169 700 1 $aGramaglia, Pier Angelo.$0(OLS)http://semarc/name/19206 830 0$aCultura cristiana antica.$0(OLS)http://semarc/title/26930 850 $aSeMil 852 $aSeMil$W1$xVenegono$y1$m2T I 188$j6099$B6099$CSeMilBibl$Z2$F6099 $81 900 0 $aTertulliano,$d. 961 $aOmaggio: Deposito 996 $6020$a88-263-0435-1$9(OLS)http://semarc/number/9850 996 $6245$aDe virginibus velandis :$bla condizione femminile nelle prime comunità cristiane$9(OLS)http://semarc/title/57174 996 $6260$aRoma :$bBorla$9(OLS)http://semarc/publisher/29677 LEADER 01060nam a2200265 i 4500 001 000000108411 003 CaOOAMICUS 005 20101214000000.0 008 101214s1949 it u000 u ita u 013 $a81067 040 $aSeMil$bita 100 1 $aValsecchi, Marco.$0(OLS)http://semarc/name/8612 245 10$aFrancesco Messina /$cMarco Valsecchi. 260 $aMilano :$bUlrico Hoepli,$c1949. 300 $a25 p., 35 c. di tav. :$bill. ;$c17 cm. 490 0 $aArte moderna italiana ;$v28 490 0 $aArte moderna italiana. Serie B, Scultori ;$v6 500 $aEd. di 1600 esempl. num. 830 0$aArte moderna italiana ;$v28.$0(OLS)http://semarc/title/21108 830 0$aArte moderna italiana. Serie B, Scultori ;$v6.$0(OLS)http://semarc/title/22706 850 $aSeMil 852 $aSeMil$W1$xVenegono$y1$m5M I 68$j64507$B64507$CSeMilBibl$Z2$F158173 $81 961 $aOmaggio: Calcaterra don Carlo 996 $6245$aFrancesco Messina$9(OLS)http://semarc/title/157215 996 $6260$aMilano :$bUlrico Hoepli$9(OLS)http://semarc/publisher/29765